Don't leave things up in the air (Record no. 82379)
[ view plain ]
| 000 -LEADER | |
|---|---|
| fixed length control field | 00792cab a22002055a 4500 |
| 001 - CONTROL NUMBER | |
| control field | L150065 |
| 008 - FIXED-LENGTH DATA ELEMENTS--GENERAL INFORMATION | |
| fixed length control field | 100526e20100522xxk 000 0 eng d |
| 035 ## - SYSTEM CONTROL NUMBER | |
| System control number | (Sirsi) u150065 |
| 041 0# - LANGUAGE CODE | |
| Language code of text/sound track or separate title | eng |
| 100 1# - MAIN ENTRY--PERSONAL NAME | |
| Personal name | Ballantyne, Jane |
| 245 00 - TITLE STATEMENT | |
| Title | Don't leave things up in the air |
| 260 ## - PUBLICATION, DISTRIBUTION, ETC. | |
| Date of publication, distribution, etc. | 2010 |
| 490 ## - SERIES STATEMENT | |
| Series statement | Estates Gazette |
| Volume/sequential designation | (1022) 22 May 2010, 140-142(3) |
| 520 ## - SUMMARY, ETC. | |
| Summary, etc. | Developers' access rights under the Party Wall Act etc 1996 and the position at common law. Considers access to adjacent land, oversailing cranes, access agreements in accordance with the Neighbouring Land Act 1992. (See also L150062) |
| 590 ## - LOCAL NOTE (RLIN) | |
| Local note | KA |
| 650 24 - SUBJECT ADDED ENTRY--TOPICAL TERM | |
| Topical term or geographic name entry element | PARTY WALL ETC ACT 1996 |
| 651 #4 - SUBJECT ADDED ENTRY--GEOGRAPHIC NAME | |
| Geographic name | England and Wales |
| Chronological subdivision | 1543- |
| 690 ## - LOCAL SUBJECT ADDED ENTRY--TOPICAL TERM (OCLC, RLIN) | |
| Topical term or geographic name as entry element | PROPERTY-PROPERTY MANAGEMENT-EASEMENTS-PARTY WALL SURVEYING |
| 942 ## - ADDED ENTRY ELEMENTS (KOHA) | |
| Suppress in OPAC | 0 |
| Withdrawn status | Lost status | Source of classification or shelving scheme | Damaged status | Not for loan | Home library | Current library | Shelving location | Date acquired | Total Checkouts | Full call number | Barcode | Date last seen | Copy number | Price effective from | Koha item type |
|---|---|---|---|---|---|---|---|---|---|---|---|---|---|---|---|
| Dewey Decimal Classification | London | London | Journal article | 26/05/2010 | L150065 | 150065-1001 | 06/08/2019 | 1 | 06/08/2019 | Journal article |